Národ, ktorý sa sám neopúšťa, nebýva opustený Pred 135 rokmi zomrel Martin Hamuljak

Bibliographic Details
Main Author: Petrovský, Karol, 1950-2010 (Author)
Format: Article
Language:Slovak
PhysicalDescription:Obr. 1
Subjects:

MARC

LEADER 00000nab a2200000 a 4500
001 vtls000514565
003 SK-MaSNL
005 20260304220002.0
008 160216c1994 xo 0 slo
015 |a SNBRB19rr/mm-uuuuu 
035 |a CL0514703 
040 |a SNKBUCL  |b slo  |c SNKBUCL  |e AACR2 
041 0 |a slo 
044 |a xo  |c SK 
080 |a 943.76-051"17/18"  |2 1981 
080 |a 929 Hamuljak, Martin  |2 1981 
100 1 |a Petrovský, Karol,  |d 1950-2010  |4 aut  |9 158303 
245 1 0 |a Národ, ktorý sa sám neopúšťa, nebýva opustený  |b Pred 135 rokmi zomrel Martin Hamuljak  |c Karol Petrovský 
300 |b Obr. 1 
600 1 7 |a Hamuljak, Martin,  |d 1789-1859  |2 snkbucl  |9 79936 
655 7 |a články z novín a časopisov  |2 snkbucl  |9 267496 
773 0 |t Národná osveta  |g Roč. 4, č. 4 (1994), s. 31 
850 |a Slovenská národná knižnica v Martine  |a MTA001 
852 |a SNK  |b KIS3GCP 
958 |a BX 
958 |a RK 
992 |a RBX 
999 |c 3149272  |d 3151202